Terciárna sféra na prelome tisícročí Súčasnosť a perspektívy vývoja

Salvato in:
Dettagli Bibliografici
Autore principale: Jakúbek, Ivan
Altri autori: Markuš, Jozef, Repčíková, Jindra
Natura: Libro
Lingua:slovacco
Pubblicazione: Bratislava Prognostický ústav SAV 1992
Edizione:1. vyd.
Serie:Štúdie č. 3
Soggetti:
Tags: Aggiungi Tag
Nessun Tag, puoi essere il primo ad aggiungerne!!

MARC

LEADER 00000nam a2200000 4500
001 c002826
005 20221128074152.6
041 0 |a slo 
044 |a SK 
245 1 0 |a Terciárna sféra na prelome tisícročí  |b Súčasnosť a perspektívy vývoja  |c Ivan Jakúbek, Jozef Markuš, Jindra Repčíková 
250 |a 1. vyd. 
264 1 |a Bratislava  |b Prognostický ústav SAV  |c 1992 
300 |a 246 s. 
490 1 |a Štúdie  |v č. 3 
830 0 |a Štúdie  |v č. 3 
610 2 0 |a sféra terciárna 
610 2 0 |a vývoj spoločenský 
610 2 0 |a proces reprodukčný 
610 2 0 |a spoločnosť 
610 2 0 |a elektronizácia 
610 2 0 |a informatizácia 
610 2 0 |a intelektualizácia 
610 2 0 |a demokratizácia 
610 2 0 |a humanizácia práce 
610 2 0 |a zmeny štruktúrne 
610 2 0 |a sústava informačná 
610 2 0 |a infraštruktúra 
610 2 0 |a reformy hospodárske 
100 1 |a Jakúbek, Ivan 
700 1 |a Markuš, Jozef 
700 1 |a Repčíková, Jindra